[Event "London Classic CSC U120 op 7th"]
[Site "London"]
[Date "2015.12.05"]
[Round "2"]
[White "Minshull, Grant"]
[Black "Dilukshan, Manoharan"]
[Result "1-0"]
[WhiteElo "115"]
[BlackElo "101"]
[PlyCount "79"]
[EventDate "2015.12.04"]
[EventType "swiss"]
[EventRounds "5"]
[EventCountry "ENG"]
[SourceTitle "CBM 169 Extra"]
[Source "ChessBase"]
[SourceDate "2015.12.18"]
[SourceVersion "1"]
[SourceVersionDate "2015.12.18"]
[SourceQuality "1"]

1. d4 Nf6 2. Nf3 g6 3. Nc3 Bg7 4. e4 d6 5. h3 0-0 6. Bd3 c6 7. 0-0 Re8 8. Ne2 d5 9. Ng3 dxe4 10. Nxe4 Nxe4 11. Bxe4 Nd7 12. c3 Nf6 13. Bc2 Qb6 14. Ne5 Nd7 15. Nc4 Qc7 16. a4 Nb6 17. Ne3 Nd5 18. Qf3 Nxe3 19. fxe3 Be6 20. a5 a6 21. e4 Rf8 22. Bf4 Qd7 23. Qg3 f6 24. Bc7 Bh6 25. Bb6 Kg7 26. Rfe1 Rae8 27. Rad1 f5 28. Qe5+ Rf6 29. d5 cxd5 30. exd5 Bf7 31. Rd4 Qd6 32. Ba4 Qxe5 33. Rxe5 Rg8 34. Rxe7 Kh8 35. d6 Bf8 36. Rxb7 Bh6 37. Rd1 Re6 38. Rxf7 Be3+ 39. Bxe3 Rxe3 40. Re7 1-0

[Event "High Wycombe e2e4 Challengers op 03"]
[Site "High Wycombe"]
[Date "2014.03.15"]
[Round "3"]
[White "McCabe, Shane"]
[Black "Minshull, Grant"]
[Result "1-0"]
[WhiteElo "1883"]
[BlackElo "1502"]
[PlyCount "89"]
[EventDate "2014.03.14"]
[EventType "swiss"]
[EventRounds "5"]
[EventCountry "ENG"]
[SourceTitle "EXT 2015"]
[Source "ChessBase"]
[SourceDate "2014.11.20"]
[SourceVersion "1"]
[SourceVersionDate "2014.11.20"]
[SourceQuality "1"]

1. d4 d5 2. Nf3 Nf6 3. Bg5 h6 4. Bf4 Nh5 5. Bc1 Nc6 6. e3 e6 7. c3 Bd6 8. Bd3 0-0 9. 0-0 Ne7 10. e4 dxe4 11. Bxe4 Nf6 12. Bc2 c5 13. Nbd2 Qc7 14. dxc5 Bxc5 15. Qe2 b6 16. Ne4 Ned5 17. c4 Ba6 18. Bd3 Nxe4 19. Qxe4 Nf6 20. Qe2 Bb7 21. b3 Rad8 22. Bb2 Bxf3 23. Qxf3 Bd4 24. Bxd4 Rxd4 25. h3 Rfd8 26. Rad1 Kf8 27. Bc2 Rxd1 28. Rxd1 Rxd1+ 29. Bxd1 Qe7 30. Qa8+ Ne8 31. Bf3 a5 32. Bc6 f6 33. Qb8 Kf7 34. Bxe8+ Qxe8 35. Qc7+ Qe7 36. Qxb6 Qb4 37. Qxb4 axb4 38. f4 Ke7 39. Kf2 Kd6 40. Ke3 Kc5 41. g4 g6 42. h4 Kc6 43. Kd4 Kd6 44. g5 hxg5 45. hxg5 1-0